000 00555nam a2200181Ia 4500
003 GCL
008 140319s9999 xx 000 0 ara d
040 _aGCL /
_cGCL
082 0 4 _a587
_bا ن
100 1 _aاحمد فؤاد شلبى
245 1 0 _aالنباتات الوعائية غير البذرية /
_cاحمد فؤاد شلبى
700 1 _aاحمد محمد مجاهد
490 _aكتاب
_v0
650 0 4 _aالنباتات
650 0 4 _aالنباتات اللابذرية
650 0 4 _aالنباتات البذرية
942 _2ddc
_cBK
999 _c42501
_d42501